00363nam a2200109Ia 4500008004100000082001600041100002500057245002800082260002900110630001800139650009600157211109s9999||||xx |||||||||||||| ||und|| a894 bLAK-T aLakshmana Pillai T,  0aTamil Poetical Works Of bUn KnownaMisplacec1943 xGeneral Stack aAltaic, Uralic, Hyperborean & DravidianvLiteratures of other languagesLanguagesxGeneralia